000 00678nam a22002654a 4500
001 UByD003437
003 AR-LpoUNG
005 20241205151727.0
008 241205s1998 ag 000 0 spa d
020 _a9500284871
040 _aAR-LpoUNG
_bspa
_cAR-LpoUNG
_eaacr
041 0 _aspa
082 0 _aA864 331lib
100 1 _aMargulis, Alejandro
245 1 4 _aLos libros de los argentinos
250 _a1ra. ed.
260 _aBuenos Aires :
_bEl Ateneo,
_c1998.
300 _a218 p.
650 4 _aHISTORIA LITERARIA
650 4 _aLITERATURA ARGENTINA
650 4 _aAPRECIACION LITERARIA
650 4 _aCANON LITERARIO
650 4 _aESCRITORES
942 _2ddc
_cLIB
999 _c66117
_d66117